[Event "Amplico ch-EUR Rapid"]
[Site "Warsaw POL"]
[Date "2012.12.15"]
[Round "7.22"]
[White "Shirazi, Kamran"]
[Black "Romanov, Evgeny"]
[Result "0-1"]
[WhiteTitle "IM"]
[BlackTitle "GM"]
[WhiteElo "2383"]
[BlackElo "2616"]
[WhiteFideId "2000733"]
[BlackFideId "4148843"]
[EventDate "2012.12.15"]

1. d4 d5 2. Bg5 c6 3. e3 Qb6 4. Qc1 h6 5. Bh4 e5 6. Nf3 e4 7. Nfd2 Be6 8. c4 Nd7
9. Nc3 f5 10. cxd5 cxd5 11. Nb5 Kf7 12. Qc3 Ngf6 13. Bg3 Ne8 14. Nc7 Nxc7 15.
Bxc7 Qb4 16. Qxb4 Bxb4 17. a3 Be7 18. Rc1 Rhc8 19. Nb3 Nf6 20. h3 Bd7 21. Kd2
Ba4 22. Nc5 Rxc7 23. Nxa4 Rxc1 24. Kxc1 Bd6 25. Be2 f4 26. Kd2 g5 27. Rc1 h5 28.
Nc3 a6 29. Bd1 Ke6 30. Na4 g4 31. hxg4 hxg4 32. Nc5+ Bxc5 33. dxc5 f3 34. gxf3
exf3 35. c6 Ne4+ 36. Kd3 Nxf2+ 37. Kd4 Nxd1 38. cxb7 Rb8 39. Rxd1 Rxb7 40. e4
dxe4 41. Kxe4 Rf7 42. Rf1 f2 0-1

[Event "Amplico ch-EUR Rapid"]
[Site "Warsaw POL"]
[Date "2012.12.15"]
[Round "7.23"]
[White "Zhigalko, Andrey"]
[Black "Meskovs, Nikita"]
[Result "0-1"]
[WhiteTitle "GM"]
[BlackTitle "FM"]
[WhiteElo "2589"]
[BlackElo "2314"]
[WhiteFideId "13502247"]
[BlackFideId "11602740"]
[EventDate "2012.12.15"]

1. e4 c5 2. Nf3 e6 3. d4 cxd4 4. Nxd4 a6 5. Nc3 Qc7 6. Bd3 Nf6 7. Qe2 d6 8. f4
Nbd7 9. g4 Nc5 10. g5 Nfd7 11. Be3 b5 12. a3 Bb7 13. O-O Be7 14. Rac1 Nb6 15. b4
Ncd7 16. Bd2 Rc8 17. f5 e5 18. Nb3 Bd8 19. Na5 Ba8 20. Qg2 h6 21. f6 g6 22. h4
hxg5 23. hxg5 Nc4 24. Bxc4 Qa7+ 25. Rf2 bxc4 26. Kf1 Nf8 27. Rf3 0-1

[Event "Amplico ch-EUR Rapid"]
[Site "Warsaw POL"]
[Date "2012.12.15"]
[Round "7.24"]
[White "Tomczak, Jacek"]
[Black "Szczepkowska-Horowska, Karina"]
[Result "1-0"]
[WhiteTitle "GM"]
[BlackTitle "WGM"]
[WhiteElo "2558"]
[BlackElo "2378"]
[WhiteFideId "1124668"]
[BlackFideId "1122681"]
[EventDate "2012.12.15"]

1. e4 c5 2. Nf3 Nc6 3. d4 cxd4 4. Nxd4 Nf6 5. Nc3 e5 6. Ndb5 d6 7. a4 a6 8. Na3
Be7 9. Bg5 O-O 10. Bxf6 Bxf6 11. Bc4 Bg5 12. O-O Kh8 13. Nd5 f5 14. exf5 Bxf5
15. Bd3 e4 16. Be2 Ne5 17. Nc4 Nxc4 18. Bxc4 Rc8 19. Qd4 Qe8 20. c3 Qg6 21. Rfe1
Qh6 22. Ne3 Bg6 23. Bd5 Bf4 24. g3 Be5 25. Qd2 Rc7 26. Nc4 Qh5 27. Nxe5 Qxe5 28.
Rad1 Bh5 29. Rxe4 Qf6 30. Rf4 Qd8 1-0

[Event "Amplico ch-EUR Rapid"]
[Site "Warsaw POL"]
[Date "2012.12.15"]
[Round "7.25"]
[White "Czerwonski, Aleksander"]
[Black "Markowski, Tomasz"]
[Result "1-0"]
[WhiteTitle "IM"]
[BlackTitle "GM"]
[WhiteElo "2377"]
[BlackElo "2558"]
[WhiteFideId "1100459"]
[BlackFideId "1105680"]
[EventDate "2012.12.15"]

1. d4 Nf6 2. c4 c5 3. d5 b5 4. cxb5 a6 5. bxa6 g6 6. Nc3 Bxa6 7. e4 Bxf1 8. Kxf1
d6 9. Nf3 Bg7 10. g3 O-O 11. Kg2 Na6 12. Re1 Nd7 13. Bf4 Qb6 14. Qd2 Rfb8 15.
Rab1 Bxc3 16. bxc3 Qxb1 17. Rxb1 Rxb1 18. e5 Rb6 19. exd6 exd6 20. Qe3 Nf6 21.
c4 Re8 22. Qc3 Ne4 23. Qa1 Nb4 24. Bh6 f6 25. Nd2 Kf7 26. Nxe4 Rxe4 27. Qc3 Re2
28. a3 Na6 29. Qa5 Rbb2 30. Qxa6 Rxf2+ 31. Kg1 g5 32. Qa7+ Ke8 33. Bg7 1-0

[Event "Amplico ch-EUR Rapid"]
[Site "Warsaw POL"]
[Date "2012.12.15"]
[Round "7.26"]
[White "Berzina, Ilze"]
[Black "Papin, Vasily"]
[Result "0-1"]
[WhiteTitle "WGM"]
[BlackTitle "GM"]
[WhiteElo "2292"]
[BlackElo "2561"]
[WhiteFideId "11601345"]
[BlackFideId "4143183"]
[EventDate "2012.12.15"]

1. e4 c5 2. Nf3 e6 3. c4 Nc6 4. Nc3 Nge7 5. Be2 Nd4 6. Nxd4 cxd4 7. Nb5 Nc6 8.
Bf3 a6 9. Na3 Ne5 10. Qb3 d3 11. O-O Nxf3+ 12. gxf3 Qg5+ 13. Kh1 Qf4 14. Kg2
Qg5+ 15. Kh1 Bd6 16. c5 Bf4 17. Rg1 Qh5 18. Rg2 Qxf3 19. Nc4 Qxe4 20. Qc3 b5 0-1

[Event "Amplico ch-EUR Rapid"]
[Site "Warsaw POL"]
[Date "2012.12.15"]
[Round "7.27"]
[White "Yakovich, Yuri"]
[Black "Vedrickas, Tautvydas"]
[Result "1-0"]
[WhiteTitle "GM"]
[BlackTitle "FM"]
[WhiteElo "2517"]
[BlackElo "2261"]
[WhiteFideId "4100654"]
[BlackFideId "12802654"]
[EventDate "2012.12.15"]

1. d4 Nf6 2. c4 e5 3. dxe5 Ng4 4. Bf4 Bb4+ 5. Nd2 d6 6. exd6 Qf6 7. Nh3 Nxf2 8.
Kxf2 Bxh3 9. g3 Bf5 10. e4 g5 11. exf5 gxf4 12. Qe2+ Kf8 13. Qe7+ Qxe7 14. dxe7+
Kxe7 15. Ne4 Bd6 16. f6+ Kd7 17. Bh3+ Kc6 18. gxf4 Bxf4 19. Rad1 a5 20. Kf3 b6 1-0

[Event "Amplico ch-EUR Rapid"]
[Site "Warsaw POL"]
[Date "2012.12.15"]
[Round "7.28"]
[White "Popov, Valerij"]
[Black "Suliborski, Jakub"]
[Result "1-0"]
[WhiteTitle "GM"]
[WhiteElo "2557"]
[BlackElo "1979"]
[WhiteFideId "4119410"]
[BlackFideId "1135651"]
[EventDate "2012.12.15"]

1. c4 e5 2. g3 Nc6 3. Nc3 g6 4. Bg2 Bg7 5. d3 d6 6. e4 Nge7 7. Nge2 O-O 8. O-O
f5 9. Nd5 h6 10. Rb1 g5 11. f4 exf4 12. gxf4 g4 13. Be3 h5 14. b4 Ng6 15. Ng3
Bd4 16. exf5 Bxf5 17. Nxf5 Rxf5 18. Be4 Nh4 19. b5 Rxd5 20. Bxd5+ Kg7 21. bxc6
Bxe3+ 22. Kh1 b6 23. Qe2 Qe7 24. Rbe1 Re8 25. f5 Qf6 26. Be6 Bd4 27. Qe4 Be5 28.
Re2 1-0

[Event "Amplico ch-EUR Rapid"]
[Site "Warsaw POL"]
[Date "2012.12.15"]
[Round "7.29"]
[White "Lach, Aleksandra"]
[Black "Riazantsev, Alexander"]
[Result "0-1"]
[WhiteTitle "WF"]
[BlackTitle "GM"]
[WhiteElo "2176"]
[BlackElo "2705"]
[WhiteFideId "1134299"]
[BlackFideId "4125029"]
[EventDate "2012.12.15"]

1. e4 d5 2. exd5 Qxd5 3. Nf3 Nf6 4. d4 Bg4 5. Be2 c6 6. O-O e6 7. c4 Qd8 8. Nc3
Be7 9. Be3 Nbd7 10. d5 exd5 11. cxd5 cxd5 12. Nxd5 O-O 13. h3 Nxd5 14. Qxd5 Be6
15. Qxb7 Nc5 16. Bxc5 Bxc5 17. Rad1 Qa5 18. Qe4 Rae8 19. Bd3 g6 20. Qh4 Be7 21.
Qg3 Bf6 22. h4 Bxb2 23. Ng5 Bxa2 24. h5 Qe5 25. Nf3 Bd5 26. Rfe1 0-1

[Event "Amplico ch-EUR Rapid"]
[Site "Warsaw POL"]
[Date "2012.12.15"]
[Round "7.30"]
[White "Edouard, Romain"]
[Black "Vaznonis, Vytautas"]
[Result "1-0"]
[WhiteTitle "GM"]
[BlackTitle "IM"]
[WhiteElo "2686"]
[BlackElo "2394"]
[WhiteFideId "633429"]
[BlackFideId "12802069"]
[EventDate "2012.12.15"]

1. d4 d5 2. c4 c6 3. Nf3 Nf6 4. Qc2 a6 5. e3 b5 6. b3 e6 7. Bd3 Nbd7 8. Nbd2
bxc4 9. bxc4 c5 10. O-O Be7 11. cxd5 Nxd5 12. Be4 Bb7 13. Rb1 Rb8 14. Ba3 cxd4
15. Bxe7 Kxe7 16. Nxd4 Qc8 17. Qd3 f5 18. Rfc1 fxe4 19. Qa3+ Kf7 20. Rxc8 Rhxc8
21. Nxe4 1-0

[Event "Amplico ch-EUR Rapid"]
[Site "Warsaw POL"]
[Date "2012.12.15"]
[Round "7.32"]
[White "Mikrut, Dariusz"]
[Black "Andriasian, Zaven"]
[Result "1-0"]
[WhiteTitle "IM"]
[BlackTitle "GM"]
[WhiteElo "2351"]
[BlackElo "2605"]
[WhiteFideId "1112791"]
[BlackFideId "13302000"]
[EventDate "2012.12.15"]

1. d4 Nf6 2. c4 g6 3. Nc3 Bg7 4. e4 d6 5. f3 O-O 6. Be3 a6 7. Qd2 c6 8. O-O-O b5
9. Bh6 Nbd7 10. h4 Qa5 11. Bxg7 Kxg7 12. h5 b4 13. Nb1 g5 14. h6+ Kh8 15. Nh3
Rg8 16. c5 Qxa2 17. cxd6 exd6 18. Nxg5 Rf8 19. Qxb4 Rb8 20. Qa3 Qxa3 21. Nxa3 c5
22. Bc4 Kg8 23. dxc5 dxc5 24. f4 Nb6 25. Ba2 Bb7 26. Rd6 Nfd7 1-0

[Event "Amplico ch-EUR Rapid"]
[Site "Warsaw POL"]
[Date "2012.12.15"]
[Round "7.33"]
[White "Maier, Christian"]
[Black "Jussupow, Artur"]
[Result "1/2-1/2"]
[WhiteTitle "IM"]
[BlackTitle "GM"]
[WhiteElo "2354"]
[BlackElo "2611"]
[WhiteFideId "4601955"]
[BlackFideId "4618777"]
[EventDate "2012.12.15"]

1. e4 e5 2. Nf3 Nf6 3. d3 Nc6 4. c3 g6 5. Be2 Bg7 6. O-O O-O 7. Re1 d5 8. exd5
Nxd5 9. Bf1 Re8 10. Na3 h6 11. Nc4 b5 12. Ncd2 b4 13. Qc2 Rb8 14. Ne4 f5 15. Nc5
Qd6 16. d4 Kh7 17. Bc4 Rf8 18. Rd1 e4 19. Ne5 Nxe5 20. dxe5 Qxc5 21. Bxd5 bxc3
22. Be3 Rxb2 23. Bxc5 Rxc2 24. Bxf8 Bxf8 25. Rac1 Rd2 26. Bb3 Bg7 27. e6 Rxd1+
28. Rxd1 Bf6 1/2-1/2

[Event "Amplico ch-EUR Rapid"]
[Site "Warsaw POL"]
[Date "2012.12.15"]
[Round "7.34"]
[White "Neiksans, Arturs"]
[Black "Kiss, Pal"]
[Result "1-0"]
[WhiteTitle "GM"]
[BlackTitle "IM"]
[WhiteElo "2534"]
[BlackElo "2349"]
[WhiteFideId "11601388"]
[BlackFideId "701475"]
[EventDate "2012.12.15"]

1. e4 c5 2. Nf3 Nc6 3. Bb5 e6 4. O-O Nge7 5. c3 a6 6. Be2 d5 7. exd5 Nxd5 8. d4
cxd4 9. Nxd4 Nxd4 10. Qxd4 Bd7 11. c4 Nb4 12. Qc3 Qf6 13. Bd2 Be7 14. a3 Nc6 15.
Be3 O-O 16. Rd1 Be8 17. Bf3 Rc8 1-0

[Event "Amplico ch-EUR Rapid"]
[Site "Warsaw POL"]
[Date "2012.12.15"]
[Round "7.35"]
[White "Toma, Katarzyna"]
[Black "Le Roux, Jean-Pierre"]
[Result "1/2-1/2"]
[WhiteTitle "WGM"]
[BlackTitle "GM"]
[WhiteElo "2305"]
[BlackElo "2569"]
[WhiteFideId "1119907"]
[BlackFideId "609404"]
[EventDate "2012.12.15"]

1. e4 e5 2. Nf3 Nc6 3. Bb5 Nge7 4. Nc3 d6 5. O-O Bg4 6. h3 Bh5 7. Nd5 a6 8. Be2
Bg6 9. d3 Nxd5 10. exd5 Ne7 11. c4 Nf5 12. d4 exd4 13. Nxd4 Nxd4 14. Qxd4 Qf6
15. Qxf6 gxf6 16. Bd2 Bg7 17. Bc3 O-O 18. f4 Rfe8 19. Rae1 Bc2 20. f5 Bh6 21. b3
Kg7 22. Rf3 Re4 23. Bd3 Rxe1+ 24. Bxe1 Bd1 1/2-1/2

[Event "Amplico ch-EUR Rapid"]
[Site "Warsaw POL"]
[Date "2012.12.15"]
[Round "7.36"]
[White "Mista, Aleksander"]
[Black "Klekowski, Maciej"]
[Result "1-0"]
[WhiteTitle "GM"]
[WhiteElo "2562"]
[BlackElo "2338"]
[WhiteFideId "1110381"]
[BlackFideId "1132717"]
[EventDate "2012.12.15"]

1. e4 c5 2. Nf3 Nc6 3. d4 cxd4 4. Nxd4 Nf6 5. Nc3 e5 6. Ndb5 d6 7. Bg5 a6 8. Na3
b5 9. Bxf6 gxf6 10. Nd5 Bg7 11. Bd3 Ne7 12. Nxe7 Qxe7 13. O-O O-O 14. c4 f5 15.
Qf3 d5 16. cxd5 fxe4 17. Bxe4 Qd7 18. d6 Rb8 19. Rfd1 Rb6 20. Qd3 f5 21. Qd5+
Kh8 22. Qc5 Qd8 23. Bc6 Bb7 24. Bxb7 Rxb7 25. Nc2 Qd7 26. Nb4 1-0

[Event "Amplico ch-EUR Rapid"]
[Site "Warsaw POL"]
[Date "2012.12.15"]
[Round "7.37"]
[White "Stocek, Jiri"]
[Black "Licznerski, Lukasz"]
[Result "1-0"]
[WhiteTitle "GM"]
[WhiteElo "2557"]
[BlackElo "2321"]
[WhiteFideId "304760"]
[BlackFideId "1179250"]
[EventDate "2012.12.15"]

1. d4 Nf6 2. c4 g6 3. Nc3 d5 4. Nf3 Bg7 5. Bf4 O-O 6. Rc1 dxc4 7. e4 Bg4 8. Be3
b5 9. e5 Nd5 10. Nxb5 c5 11. Bxc4 Nxe3 12. fxe3 cxd4 13. Qxd4 a6 14. Qxd8 Rxd8
15. Bd5 Rxd5 16. Nc7 Rd8 17. Nxa8 Nd7 18. Nc7 Nxe5 19. Ke2 Rb8 20. b3 a5 21. h3
Bf5 22. Nd5 Kf8 23. Nxe5 Bxe5 24. Rc4 Bd7 25. Kf2 f5 26. Rd1 a4 27. bxa4 Rb2+
28. Kf3 Bd6 29. a5 Rxa2 30. Nb6 Bb5 31. Rc8+ Kf7 32. Nc4 Bxc4 33. Rxc4 Rxa5 34.
g4 fxg4+ 35. hxg4 h5 36. Rh1 hxg4+ 37. Rxg4 Rf5+ 38. Ke2 Kg7 39. Rhg1 Rf6 40.
Rg5 Re6 41. Kd3 Bh2 42. R1g4 Bc7 43. Rb5 Rd6+ 44. Rd4 Rxd4+ 45. Kxd4 Kf6 46. Kd5
e6+ 47. Ke4 Bd6 48. Rb1 Bc7 49. Rf1+ Ke7 50. Rc1 Bb8 51. Kf3 Be5 52. Kg4 Bf6 53.
Rc6 Kd7 54. Ra6 Ke7 55. Kf4 Kd7 56. e4 Bh4 57. Ke5 Bg3+ 58. Kf6 e5 59. Kxg6 Ke7
60. Kf5 Bh2 61. Ra7+ Kd6 62. Ra5 Kd7 63. Rd5+ Ke8 64. Ke6 Bf4 65. Rd7 Kf8 66.
Rf7+ Ke8 67. Ra7 Kf8 68. Rf7+ Ke8 69. Rf5 Kd8 70. Rf8+ Kc7 71. Re8 Bg3 72. Re7+
Kc6 73. Rd7 Bf4 74. Rd5 1-0

[Event "Amplico ch-EUR Rapid"]
[Site "Warsaw POL"]
[Date "2012.12.15"]
[Round "7.38"]
[White "Kantans, Toms"]
[Black "Tazbir, Marcin"]
[Result "0-1"]
[WhiteTitle "FM"]
[BlackTitle "IM"]
[WhiteElo "2355"]
[BlackElo "2555"]
[WhiteFideId "11602945"]
[BlackFideId "1122452"]
[EventDate "2012.12.15"]

1. e4 c5 2. Nf3 d6 3. c3 Nf6 4. Be2 g6 5. O-O Bg7 6. d3 O-O 7. Nbd2 Nc6 8. a4 e5
9. Nc4 Be6 10. Qc2 h6 11. h3 Nh5 12. Nh2 Nf4 13. Bxf4 exf4 14. Qd2 Be5 15. Bg4
h5 16. Bxe6 fxe6 17. Nf3 Bg7 18. d4 d5 19. exd5 Qxd5 20. Nce5 Bxe5 21. dxe5 Qxd2
22. Nxd2 Nxe5 23. Rfe1 Rf5 24. Nb3 b6 25. a5 Re8 26. axb6 axb6 27. Ra6 Nd7 28.
c4 f3 29. Nd2 fxg2 30. Ne4 Ref8 31. Rd1 Ne5 32. Rxb6 Rf4 33. Ng3 h4 0-1

[Event "Amplico ch-EUR Rapid"]
[Site "Warsaw POL"]
[Date "2012.12.15"]
[Round "7.39"]
[White "Bryzgalin, Kirill"]
[Black "Vetoshko, Volodymyr"]
[Result "1-0"]
[WhiteTitle "GM"]
[WhiteElo "2485"]
[BlackElo "2283"]
[WhiteFideId "4133285"]
[BlackFideId "14122480"]
[EventDate "2012.12.15"]

1. e4 c5 2. Nf3 Nc6 3. d4 cxd4 4. Nxd4 e5 5. Nb5 a6 6. Nd6+ Bxd6 7. Qxd6 Qf6 8.
Qd1 Qg6 9. Nc3 d5 10. Nxd5 Qxe4+ 11. Ne3 Nf6 12. Bd3 Qh4 13. g3 Qb4+ 14. c3 Qc5
15. Qc2 O-O 16. Nc4 Bg4 17. Be3 Qd5 18. f3 Rad8 19. O-O-O Bxf3 20. Be2 Qe4 21.
Qxe4 Bxe4 22. Rhf1 b5 23. Nd6 Nd5 24. Bc5 Rxd6 25. Bxd6 Rc8 26. Bd3 Bxd3 27.
Rxd3 Nf6 28. Re1 e4 29. Rd2 Na5 30. Be7 Nc4 31. Rd8+ Rxd8 32. Bxd8 Ne5 33. Re2 1-0

[Event "Amplico ch-EUR Rapid"]
[Site "Warsaw POL"]
[Date "2012.12.15"]
[Round "7.40"]
[White "Bulski, Krzysztof"]
[Black "Barski, Radoslaw"]
[Result "1-0"]
[WhiteTitle "GM"]
[WhiteElo "2549"]
[BlackElo "2257"]
[WhiteFideId "1121499"]
[BlackFideId "1131710"]
[EventDate "2012.12.15"]

1. d4 Nf6 2. c4 g6 3. f3 Bg7 4. e4 d6 5. Nc3 O-O 6. Be3 Nbd7 7. Qd2 c5 8. Nge2
a6 9. O-O-O Qa5 10. Kb1 b5 11. Nd5 Nxd5 12. Qxa5 Nxe3 13. Rc1 Nxc4 14. Qe1 cxd4
15. Nf4 Ndb6 16. Bxc4 Nxc4 17. Nd3 Bh6 18. Rc2 Re8 19. h4 d5 20. h5 g5 21. g4 e5
22. exd5 f5 23. Re2 Ne3 24. Rxe3 dxe3 25. Qxe3 e4 26. fxe4 Rxe4 27. Qb6 Bf8 28.
Qc6 Rb8 29. Qc7 Ra8 30. Ne5 Rxe5 31. Qxe5 Bd7 32. Qc7 1-0

[Event "Amplico ch-EUR Rapid"]
[Site "Warsaw POL"]
[Date "2012.12.15"]
[Round "7.41"]
[White "Jaracz, Pawel"]
[Black "Kopinits, Anna-Christina"]
[Result "1-0"]
[WhiteTitle "GM"]
[BlackTitle "WIM"]
[WhiteElo "2548"]
[BlackElo "2247"]
[WhiteFideId "1102222"]
[BlackFideId "1614142"]
[EventDate "2012.12.15"]

1. d4 d5 2. c4 c6 3. Nf3 Nf6 4. e3 Bf5 5. Nc3 e6 6. Nh4 Bg6 7. Be2 Nbd7 8. h3
Bd6 9. Bd2 Ne4 10. Nxg6 hxg6 11. cxd5 exd5 12. Nxe4 dxe4 13. Qb3 Qb6 14. Qc2 Nf6
15. f3 Bg3+ 16. Kf1 exf3 17. gxf3 O-O-O 18. Qb3 Qc7 19. Qa3 Kb8 20. Ba5 b6 21.
Bd2 Nd5 22. Rc1 Qd7 23. Kg2 Bh4 24. e4 Ne7 25. Bf4+ Ka8 26. d5 g5 27. dxc6 Qd4
28. Be3 Qe5 29. Rh2 Nxc6 30. Bxb6 Rd2 31. Kh1 Rxb2 32. Rxc6 Rb1+ 33. Rc1 Rb2 34.
Rc6 Rb1+ 35. Rc1 Rb2 36. Rc6 Rb1+ 37. Rc1 Rxc1+ 38. Qxc1 axb6 39. Bc4 Bg3 40.
Bd5+ Kb8 41. Qc6 Qa1+ 42. Kg2 Qb2+ 43. Kxg3 Qe5+ 44. Kg2 Qb2+ 45. Kf1 Qa1+ 46.
Ke2 Qb2+ 47. Kd3 Qa3+ 48. Qc3 Qd6 49. Rc2 1-0

[Event "Amplico ch-EUR Rapid"]
[Site "Warsaw POL"]
[Date "2012.12.15"]
[Round "7.42"]
[White "Piorun, Kacper"]
[Black "Musialkiewicz, Jan"]
[Result "1-0"]
[WhiteTitle "GM"]
[WhiteElo "2529"]
[BlackElo "2243"]
[WhiteFideId "1130420"]
[BlackFideId "1141929"]
[EventDate "2012.12.15"]

1. c4 c5 2. Nc3 Nc6 3. g3 g6 4. Bg2 Bg7 5. Nf3 e5 6. O-O Nge7 7. Ne1 d6 8. Nc2
Be6 9. Ne3 O-O 10. Rb1 Rb8 11. a3 a6 12. d3 b5 13. Ned5 b4 14. axb4 Nxb4 15.
Nxb4 cxb4 16. Ne4 a5 17. Ra1 h6 18. Be3 f5 19. Nd2 e4 20. Qc2 d5 21. Bc5 dxc4
22. dxc4 Rf7 23. Rfd1 Nc6 24. Nxe4 Nd4 25. Bxd4 Bxd4 26. e3 1-0

[Event "Amplico ch-EUR Rapid"]
[Site "Warsaw POL"]
[Date "2012.12.15"]
[Round "7.43"]
[White "Kovalev, Denis"]
[Black "Sowul, Bartosz"]
[Result "1-0"]
[WhiteTitle "IM"]
[WhiteElo "2512"]
[BlackElo "2180"]
[WhiteFideId "14104059"]
[BlackFideId "1137590"]
[EventDate "2012.12.15"]

1. Nf3 g6 2. g3 Bg7 3. Bg2 Nf6 4. O-O O-O 5. c4 d6 6. Nc3 e5 7. d3 c6 8. Rb1 Bg4
9. b4 Qd7 10. b5 Bh3 11. Qb3 Bxg2 12. Kxg2 c5 13. Bg5 Ne8 14. Nd5 f6 15. Bd2 Nc7
16. b6 Nxd5 17. cxd5 a6 18. e4 h6 19. Bc3 Kh7 20. Nd2 Qe7 21. f4 Nd7 22. f5 g5
23. Qd1 Rh8 24. h4 Kg8 25. Rh1 Nf8 26. Nc4 Rd8 27. Rh2 Qf7 28. Bd2 Nh7 29. Qe2
Rd7 30. Rbh1 Rd8 31. Rb1 Rd7 32. Rbh1 Rd8 33. Ne3 Qe8 34. Ng4 h5 35. hxg5 hxg4
36. g6 Ng5 37. Rxh8+ Bxh8 38. Qxg4 Qe7 39. Rh5 Bg7 40. Qh4 c4 41. Rxg5 c3 42.
Bc1 fxg5 43. Bxg5 Qd7 44. Qh7+ Kf8 45. f6 Bxf6 46. Bxf6 Qxh7 47. gxh7 Kf7 48.
Bxd8 Kg7 1-0

[Event "Amplico ch-EUR Rapid"]
[Site "Warsaw POL"]
[Date "2012.12.15"]
[Round "7.44"]
[White "Jurcik, Marian"]
[Black "Spirliadis, Achileas"]
[Result "1/2-1/2"]
[WhiteTitle "IM"]
[WhiteElo "2496"]
[BlackElo "2086"]
[WhiteFideId "14907518"]
[BlackFideId "4215770"]
[EventDate "2012.12.15"]

1. e4 e6 2. d4 d5 3. Nc3 Bb4 4. exd5 exd5 5. Bd3 Nf6 6. Bg5 O-O 7. Ne2 Bg4 8. f3
Bh5 9. Qd2 Bg6 10. Bxg6 fxg6 11. O-O-O Nc6 12. a3 Bxc3 13. Qxc3 Qd7 14. Nf4 Nh5
15. Nd3 Rae8 16. Nc5 Qf5 17. Bd2 Nf4 18. Bxf4 Qxf4+ 19. Kb1 Re3 20. Qd2 b6 21.
Nd3 Qh6 22. Nf2 Re6 23. c3 Rfe8 24. Nd3 Re3 25. h4 Na5 26. Ne5 Nc4 27. Nxc4 dxc4
28. Kc1 Re2 29. Qxh6 gxh6 30. Rd2 Kf7 31. Kd1 Rxd2+ 32. Kxd2 Kf6 33. g4 Re7 34.
Re1 Rxe1 35. Kxe1 h5 36. Kf2 hxg4 37. fxg4 h5 38. Kg3 b5 39. Kf4 hxg4 40. Kxg4
Ke6 41. Kg5 Kf7 42. a4 a6 43. a5 c6 44. Kg4 Ke6 45. Kf4 Kf6 46. Ke4 Ke6 47. Kf4
Kf6 48. Kg4 Ke6 49. Kg5 Kf7 50. Kg4 Ke6 51. Kf4 Kf6 52. Ke3 Kf5 53. Kf3 Kf6 54.
Kf4 Ke6 55. Ke4 Kd6 56. Kf3 Kd5 57. Kf4 Ke6 58. Ke4 Kd6 59. Kf4 Ke6 60. Ke4 Kd6
61. Kf4 Ke6 62. Kg5 Kf7 63. Kg4 Ke6 64. Kf4 Kf6 65. Ke4 Ke6 66. Ke3 Kd5 67. Kf3
Kd6 68. Kf4 Ke6 69. Kg5 Kf7 70. h5 gxh5 71. Kxh5 Ke6 72. Kg5 Kd5 73. Kf5 c5 74.
dxc5 Kxc5 75. Ke5 b4 76. cxb4+ Kxb4 77. Kd4 Kb5 78. Kd5 Kb4 79. Kc6 Kxa5 80. Kc5
Ka4 81. Kxc4 a5 82. b3+ Ka3 83. Kc3 Ka2 84. b4 axb4+ 85. Kxb4 1/2-1/2

[Event "Amplico ch-EUR Rapid"]
[Site "Warsaw POL"]
[Date "2012.12.15"]
[Round "7.45"]
[White "Bezuch, Martin"]
[Black "Leniart, Arkadiusz"]
[Result "0-1"]
[BlackTitle "IM"]
[WhiteElo "2302"]
[BlackElo "2470"]
[WhiteFideId "14906333"]
[BlackFideId "1124226"]
[EventDate "2012.12.15"]

1. Nf3 Nf6 2. g3 d5 3. Bg2 g6 4. O-O Bg7 5. d3 O-O 6. Nbd2 c5 7. c3 Nc6 8. e4 d4
9. cxd4 cxd4 10. a4 Nd7 11. Nc4 Nc5 12. Bf4 Be6 13. Rc1 Nb4 14. Ne1 Rc8 15. b3
Na2 16. Ra1 Nc3 17. Qc2 Na6 18. Qd2 Nc5 19. Qc2 b6 20. Ra3 Qd7 21. Nf3 Bxc4 22.
bxc4 N5xa4 23. Rfa1 b5 24. cxb5 e5 25. Bxe5 Bxe5 26. Nxe5 Qxb5 27. Nf3 Rfd8 28.
Rxa4 Nxa4 29. Qxa4 Qxd3 30. Rd1 Qc2 31. Rxd4 Qxa4 32. Rxa4 Rc1+ 33. Bf1 Rdd1 34.
Rxa7 Rxf1+ 35. Kg2 Rfd1 36. Ng5 Rg1+ 37. Kh3 Rc2 38. f3 Rh1 39. Nxf7 Rhxh2+ 40.
Kg4 Rc8 41. Kg5 Rh5+ 42. Kg4 Rf8 43. Ng5 Rh1 44. Ne6 Re8 45. Nf4 Rg1 46. Nh3 h5+
47. Kh4 Rf1 48. Nf4 Rxf3 49. Nxg6 Rxe4+ 50. Nf4 Rb3 51. Ra5 Rb7 52. Ra8+ Kh7 53.
Kxh5 Rg7 54. Ra3 Re1 55. Nh3 Rh1 56. g4 Kh8 57. Ra8+ Rg8 58. Ra3 Kg7 59. Kg5
Kf7+ 60. Kf5 Rf1+ 61. Nf4 Ke7 62. Ra7+ Kd6 63. Ra6+ Kc5 64. Rf6 Kd4 65. g5 Ke3
66. Re6+ Kf3 67. Rf6 Kg3 68. Ke4 Kg4 69. g6 Re8+ 70. Kd5 Rxf4 0-1

[Event "Amplico ch-EUR Rapid"]
[Site "Warsaw POL"]
[Date "2012.12.15"]
[Round "7.46"]
[White "Duda, Jan-Krzysztof"]
[Black "Narmontas, Raimondas"]
[Result "1-0"]
[WhiteTitle "IM"]
[WhiteElo "2468"]
[BlackElo "2073"]
[WhiteFideId "1170546"]
[BlackFideId "12801135"]
[EventDate "2012.12.15"]

1. d4 g6 2. c4 Bg7 3. Nf3 d6 4. Nc3 c6 5. e4 Bg4 6. Be3 Nd7 7. Be2 c5 8. d5
Bxc3+ 9. bxc3 Bxf3 10. Bxf3 Qa5 11. O-O Ngf6 12. Qc2 Nb6 13. Be2 e5 14. dxe6
fxe6 15. e5 dxe5 16. Bh6 Nbd7 17. Rab1 O-O-O 18. Bf3 e4 19. Bxe4 Nxe4 20. Qxe4
Qa6 21. Bg5 Rde8 22. Rfd1 Qc6 23. Qxc6+ bxc6 24. Rd6 Kc7 25. Rbd1 Nb6 26. Be3
Rd8 27. Bxc5 Na4 28. Bb4 Rxd6 29. Bxd6+ Kb7 30. Be5 Re8 31. Rd7+ Kb6 32. Rxh7
Rd8 33. Bc7+ 1-0

[Event "Amplico ch-EUR Rapid"]
[Site "Warsaw POL"]
[Date "2012.12.15"]
[Round "7.47"]
[White "Kadziolka, Beata"]
[Black "Simonian, Hrair"]
[Result "0-1"]
[WhiteTitle "WGM"]
[BlackTitle "GM"]
[WhiteElo "2286"]
[BlackElo "2459"]
[WhiteFideId "1119990"]
[BlackFideId "13302337"]
[EventDate "2012.12.15"]

1. e4 c5 2. Nc3 e6 3. Nf3 a6 4. d4 cxd4 5. Nxd4 b5 6. Bd3 Qb6 7. Nb3 Nc6 8. Be3
Qc7 9. f4 Bb7 10. Qe2 Be7 11. O-O-O Nb4 12. Kb1 Nf6 13. g4 d5 14. e5 Nd7 15. Bd4
Nxd3 16. cxd3 b4 17. Na4 Qc6 18. Nac5 Nxc5 19. Nxc5 Bxc5 20. Rc1 Bxd4 21. Rxc6
Bxc6 22. Rc1 Rc8 23. Rf1 Ba4 24. b3 Bb5 25. f5 Rc3 26. Rf3 O-O 27. f6 Rfc8 28.
Qd2 Bxe5 0-1